| 000 | 00440nam a2200157Ia 4500 | ||
|---|---|---|---|
| 008 | 220216s9999 xx 000 0 und d | ||
| 100 | _aLim Christine M | ||
| 245 | 0 | _aElectrophysiological phenomena in Hevea brasiliensis | |
| 260 |
_bJournal of the Rubber Research Institute of Malaya _c1969 |
||
| 300 | _a524-542 | ||
| 650 | _aHevea brasiliensis | ||
| 700 | _aGomez J B | ||
| 700 | _aSouthorn W A | ||
| 700 | _aYip Esah | ||
| 942 | _cJS | ||
| 999 |
_c58541 _d58541 |
||